| 000 | 00793nam a2200217 a 4500 | ||
|---|---|---|---|
| 001 | BRCA_1570 | ||
| 005 | 20190320203455.0 | ||
| 008 | 860929s1986 nyua---##b---#001-0#eng-d | ||
| 020 | _a0393022757 | ||
| 040 |
_aDLC _cDLC _dDLC |
||
| 050 | 4 |
_aND259.R5 _b.R48 1986 |
|
| 245 | 1 | 0 |
_aDiego Rivera _ba retrospective. |
| 260 |
_aNew York _bFounders Society : Detroit Institute of Arts : W.W. Norton _c1986 |
||
| 300 |
_a372 p. _bil. (algunas a color) _c28 cm. |
||
| 500 | _aIncluye índice alfabético | ||
| 500 | _aCatálogo de la exposición realizada en Detroit Institute of Arts, 10 febrero - 27 abril, 1986 | ||
| 500 | _aIncluye piezas de la colección Franz Mayer : p. 28 | ||
| 504 | _aBibliografía: p. 355-368 | ||
| 600 | 1 | 4 |
_aRivera, Diego _d1886-1957 _vExposiciones _94891 |
| 942 |
_2lcc _cB |
||
| 999 |
_c1404 _d1404 |
||